Traffic engineering and transport planning (Record no. 28419)

000 -LEADER
fixed length control field 00503nam a22001937a 4500
001 - CONTROL NUMBER
control field 28419
003 - CONTROL NUMBER IDENTIFIER
control field BD-DhUET
008 - FIXED-LENGTH DATA ELEMENTS--GENERAL INFORMATION
fixed length control field 150610b xxu||||| |||| 00| 0 eng d
040 ## - CATALOGING SOURCE
Transcribing agency 0
Modifying agency BD-DhUET
082 ## - DEWEY DECIMAL CLASSIFICATION NUMBER
Classification number 388.312
Item number KAD/1997
100 ## - MAIN ENTRY--PERSONAL NAME
Personal name Kadiyali, L. R.
245 ## - TITLE STATEMENT
Title Traffic engineering and transport planning
250 ## - EDITION STATEMENT
Edition statement 6th ed.
260 ## - PUBLICATION, DISTRIBUTION, ETC. (IMPRINT)
Place of publication, distribution, etc. Delhi
Name of publisher, distributor, etc. Khanna Publishers
Date of publication, distribution, etc. 1997
300 ## - PHYSICAL DESCRIPTION
Extent xxiii,900 p.
Other physical details ill.
504 ## - BIBLIOGRAPHY, ETC. NOTE
Bibliography, etc Includes bibliographies
650 #0 - SUBJECT ADDED ENTRY--TOPICAL TERM
Topical term or geographic name as entry element Traffic engineering
942 ## - ADDED ENTRY ELEMENTS (KOHA)
Koha item type General Book
Holdings
Damaged status Koha date last borrowed Lost status Koha out on loan Shelving location Koha date last seen Copy number Date acquired Source of classification or shelving scheme Piece designation (barcode) Not for loan Location (home branch) Koha item type Koha issues (times borrowed) Price effective from Withdrawn status Koha normalized classification for sorting Koha full call number Sublocation or collection (holding branch)
    Reading section2015-06-1012015-06-10 92319 Central Library, BUETGeneral Book 2015-06-10 338_312000000000000_KAD_1997338.312/KAD/1997Central Library, BUET
    Reading section2015-06-2222015-06-22 92318 Central Library, BUETGeneral Book 2015-06-22 338_312000000000000_KAD_1997338.312/KAD/1997Central Library, BUET
    Reading section2015-06-2232015-06-22 92315 Central Library, BUETGeneral Book 2015-06-22 388_312000000000000_KAD_1997388.312/KAD/1997Central Library, BUET
    Reading section2015-06-2242015-06-22 92317 Central Library, BUETGeneral Book 2015-06-22 388_312000000000000_KAD_1997388.312/KAD/1997Central Library, BUET
 2023-05-28 2024-05-27Circulation section2023-05-2851998-06-25 92327 Central Library, BUETGeneral Book12019-03-12 388_312000000000000_KAD_1997388.312/KAD/1997Central Library, BUET
 2024-05-13  Circulation section2025-04-3061998-06-25 92326 Central Library, BUETGeneral Book12021-03-16 388_312000000000000_KAD_1997388.312/KAD/1997Central Library, BUET
 2026-04-21 2026-05-05Circulation section2026-04-2171998-06-25 92328 Central Library, BUETGeneral Book32024-11-17 388_312000000000000_KAD_1997388.312 KAD/1997Central Library, BUET